| 000 | 00837nam a2200193 a 4500 | ||
|---|---|---|---|
| 008 | 171017s2017 ||||||||||||||||| || u | ||
| 020 | _a9789211171259 | ||
| 050 | _aUNECE(08)ES/48 | ||
| 110 | _aUnited Nations Economic Commission for Europe (UNECE) | ||
| 245 | 1 | 0 |
_aEuropean gas market development: assessment of market trends in liquefied natural gas _cby United Nations Economic Commission for Europe [UNECE] |
| 260 |
_aGeneva: _bUNITED NATIONS _c2017 |
||
| 300 | _avi, 18p.: ill. | ||
| 500 | _aIncludes bibliography | ||
| 650 | _aUNITED NATIONS ECONOMIC COMMISSION FOR EUROPE (UNECE) | ||
| 650 | 7 |
_aENERGY POLICY _2unbist |
|
| 650 | 0 | _aENERGY CONSUMPTION | |
| 650 | 0 | _aENERGY DEVELOPMENT | |
| 995 |
_FCBU-MAIN LIBRARY (Kitwe) _UAVAILABLE _WOct 17, 2017 _ZAnnex Low-Usage Collection |
||
| 999 |
_c42590 _d42590 |
||